| 000 | 00417nam a22001457a 4500 | ||
|---|---|---|---|
| 005 | 20251018150503.0 | ||
| 008 | 251018b |||||||| |||| 00| 0 eng d | ||
| 041 | _aeng | ||
| 082 |
_a589.20954 _bTAN |
||
| 100 | _aTandon,r.n. | ||
| 245 |
_a Supplement To The List Of Indian Fungi _cR.N. Tondon, S. Chandra |
||
| 260 |
_aDehradun _bM/s Bishen Singh Mahendra Pal Singh _c1976 |
||
| 650 | _aBotany | ||
| 942 | _cENGLISH | ||
| 999 |
_c592380 _d592380 |
||